Akumulácia energie z fotovoltického panela v prečerpávacej mikroelektrárni

Guardado en:
Detalles Bibliográficos
Autor principal: Vranský, Dávid (Autor)
Otros Autores: Olšiak, Róbert (Orientador)
Formato: Manuscrito Libro
Lenguaje:eslovaco
Publicado: 2023
Materias:
Acceso en línea:http://is.stuba.sk/zp/portal_zp.pl?podrobnosti=179151
Etiquetas: Agregar Etiqueta
Sin Etiquetas, Sea el primero en etiquetar este registro!

MARC

LEADER 00000ntm a22000003a 4500
001 stuzp93915
003 SK-STU
005 20231218123226.0
007 ta
008 150427s2015----xo-----f-mn---000-0-slo-d
040 |a STU  |b slo 
041 0 |a slo 
100 1 |a Vranský, Dávid  |u 020060  |4 aut  |U SjF Strojnícka fakulta  |T SjF Ústav energetických strojov a zariadení  |X 111719  |U J0060  |Y 805  |7 111719 
242 0 1 |a Accumulation of energy from a photovoltaic panel in pumped micro-powerplant  |y eng 
245 1 0 |a Akumulácia energie z fotovoltického panela v prečerpávacej mikroelektrárni 
260 |c 2023 
650 4 |a akumulácia energie  |2 slo 
650 4 |a fotovoltický panel  |2 slo 
650 4 |a prečerpávacia elektráreň  |2 slo 
650 4 |a accumulation of energy  |2 eng 
650 4 |a photovoltaic panel  |2 eng 
650 4 |a pumped powerplant  |2 eng 
700 1 |a Olšiak, Róbert  |u 020060  |k Z1  |4 ths  |U SjF Strojnícka fakulta  |T SjF Ústav energetických strojov a zariadení  |X 2339  |U J0060  |Y 805  |7 A000002339 
856 4 |u http://is.stuba.sk/zp/portal_zp.pl?podrobnosti=179151 
996 |b 284J047332  |c J* 3552/DBP  |l JJSK  |s A  |a 24  |w stuzp93915_0001